000 00651nam a2200193 i 4500
001 40301
003 ES-MaACL
005 20240203062543.0
007 t|
008 030305s1925 sp ||||1| spa d
100 1 _aCarrasco y Garrorena, Pedro.
_935574
245 1 4 _aLas substancias primordiales en física
_b: discurso leído en la inauguración del curso /
_cpor Pedro carrasco y Garrorena.
260 _aMadrid :
_b[s.n.,
_c1925] (
_fImp. Colonial)
300 _a63 p. ;
_c27 cm.
500 _aPrecede al tít.: Universidad Central.
710 2 _aUniversidad Central (Madrid)
_97084
852 _aES-MaACL
_j1692-F-18
999 _c40301
_d40301